<?xml version="1.0" encoding="UTF-8"?>
<record
    xmlns:xsi="http://www.w3.org/2001/XMLSchema-instance"
    xsi:schemaLocation="http://www.loc.gov/MARC21/slim http://www.loc.gov/standards/marcxml/schema/MARC21slim.xsd"
    xmlns="http://www.loc.gov/MARC21/slim">

  <leader>00428nam a22001457a 4500</leader>
  <controlfield tag="005">20260311121040.0</controlfield>
  <controlfield tag="008">260311b        |||||||| |||| 00| 0 eng d</controlfield>
  <datafield tag="020" ind1=" " ind2=" ">
    <subfield code="a">978-9966-1779-5-7</subfield>
  </datafield>
  <datafield tag="100" ind1=" " ind2=" ">
    <subfield code="a">OKEMWA CHRISTOPHER</subfield>
  </datafield>
  <datafield tag="245" ind1=" " ind2=" ">
    <subfield code="a">OGASUSU NA OKANYAMBU</subfield>
  </datafield>
  <datafield tag="260" ind1=" " ind2=" ">
    <subfield code="a">KISII</subfield>
    <subfield code="b">KISTRECH THEARTE INTERNATIONAL</subfield>
    <subfield code="c">2015</subfield>
  </datafield>
  <datafield tag="300" ind1=" " ind2=" ">
    <subfield code="a">33P.</subfield>
  </datafield>
  <datafield tag="700" ind1=" " ind2=" ">
    <subfield code="a">1. GUSII, (AFRICAN PEOPLE) FOLKLORE 2. ORAL TRADITION - KENYA</subfield>
  </datafield>
  <datafield tag="942" ind1=" " ind2=" ">
    <subfield code="2">lcc</subfield>
    <subfield code="c">BK</subfield>
  </datafield>
  <datafield tag="999" ind1=" " ind2=" ">
    <subfield code="c">216827</subfield>
    <subfield code="d">216827</subfield>
  </datafield>
  <datafield tag="952" ind1=" " ind2=" ">
    <subfield code="0">0</subfield>
    <subfield code="1">0</subfield>
    <subfield code="2">lcc</subfield>
    <subfield code="4">0</subfield>
    <subfield code="6">PZ0090 O44  02015</subfield>
    <subfield code="7">0</subfield>
    <subfield code="8">ARTS</subfield>
    <subfield code="9">376299</subfield>
    <subfield code="a">KSUL</subfield>
    <subfield code="b">KSUL</subfield>
    <subfield code="c">DISPLAY</subfield>
    <subfield code="d">2026-03-11</subfield>
    <subfield code="i">112388</subfield>
    <subfield code="l">0</subfield>
    <subfield code="o">PZ 90 O44 2015</subfield>
    <subfield code="p">a001151</subfield>
    <subfield code="r">2026-03-11 12:12:00</subfield>
    <subfield code="t">1</subfield>
    <subfield code="w">2026-03-11</subfield>
    <subfield code="y">BK</subfield>
  </datafield>
  <datafield tag="952" ind1=" " ind2=" ">
    <subfield code="0">0</subfield>
    <subfield code="1">0</subfield>
    <subfield code="2">lcc</subfield>
    <subfield code="4">0</subfield>
    <subfield code="6">PZ0090 O44  02015</subfield>
    <subfield code="7">0</subfield>
    <subfield code="8">ARTS</subfield>
    <subfield code="9">376300</subfield>
    <subfield code="a">KSUL</subfield>
    <subfield code="b">KSUL</subfield>
    <subfield code="c">DISPLAY</subfield>
    <subfield code="d">2026-03-11</subfield>
    <subfield code="i">112389</subfield>
    <subfield code="l">0</subfield>
    <subfield code="o">PZ 90 O44 2015</subfield>
    <subfield code="p">a001152</subfield>
    <subfield code="r">2026-03-11 12:12:00</subfield>
    <subfield code="t">2</subfield>
    <subfield code="w">2026-03-11</subfield>
    <subfield code="y">BK</subfield>
  </datafield>
  <datafield tag="952" ind1=" " ind2=" ">
    <subfield code="0">0</subfield>
    <subfield code="1">0</subfield>
    <subfield code="2">lcc</subfield>
    <subfield code="4">0</subfield>
    <subfield code="6">PZ0090 O44  02015</subfield>
    <subfield code="7">0</subfield>
    <subfield code="8">ARTS</subfield>
    <subfield code="9">376301</subfield>
    <subfield code="a">KSUL</subfield>
    <subfield code="b">KSUL</subfield>
    <subfield code="c">DISPLAY</subfield>
    <subfield code="d">2026-03-11</subfield>
    <subfield code="i">112390</subfield>
    <subfield code="l">0</subfield>
    <subfield code="o">PZ 90 O44 2015</subfield>
    <subfield code="p">a001153</subfield>
    <subfield code="r">2026-03-11 12:12:00</subfield>
    <subfield code="t">3</subfield>
    <subfield code="w">2026-03-11</subfield>
    <subfield code="y">BK</subfield>
  </datafield>
  <datafield tag="952" ind1=" " ind2=" ">
    <subfield code="0">0</subfield>
    <subfield code="1">0</subfield>
    <subfield code="2">lcc</subfield>
    <subfield code="4">0</subfield>
    <subfield code="6">PZ0090 O44  02015</subfield>
    <subfield code="7">0</subfield>
    <subfield code="8">ARTS</subfield>
    <subfield code="9">376302</subfield>
    <subfield code="a">KSUL</subfield>
    <subfield code="b">KSUL</subfield>
    <subfield code="c">DISPLAY</subfield>
    <subfield code="d">2026-03-11</subfield>
    <subfield code="i">112391</subfield>
    <subfield code="l">0</subfield>
    <subfield code="o">PZ 90 O44 2015</subfield>
    <subfield code="p">a001154</subfield>
    <subfield code="r">2026-03-11 12:12:00</subfield>
    <subfield code="t">4</subfield>
    <subfield code="w">2026-03-11</subfield>
    <subfield code="y">BK</subfield>
  </datafield>
  <datafield tag="952" ind1=" " ind2=" ">
    <subfield code="0">0</subfield>
    <subfield code="1">0</subfield>
    <subfield code="2">lcc</subfield>
    <subfield code="4">0</subfield>
    <subfield code="6">PZ0090 O44  02015</subfield>
    <subfield code="7">0</subfield>
    <subfield code="8">ARTS</subfield>
    <subfield code="9">376303</subfield>
    <subfield code="a">KSUL</subfield>
    <subfield code="b">KSUL</subfield>
    <subfield code="c">DISPLAY</subfield>
    <subfield code="d">2026-03-11</subfield>
    <subfield code="i">112392</subfield>
    <subfield code="l">0</subfield>
    <subfield code="o">PZ 90 O44 2015</subfield>
    <subfield code="p">a001155</subfield>
    <subfield code="r">2026-03-11 12:12:00</subfield>
    <subfield code="t">5</subfield>
    <subfield code="w">2026-03-11</subfield>
    <subfield code="y">BK</subfield>
  </datafield>
</record>
